000 00769nam a2200241 a 4500
001 600
003 BR-CuiBMT
005 20231110141927.0
008 231110s2008 rjb 000 0 por d
020 _a9788537503492
040 _aBR-CuiBMT
_cBR-CuiBMT
080 _22007
_a340.13
_x(079)
090 _a340.13(079)
_bT727c
100 1 _aTourinho, Rita
245 1 0 _aConcurso público :
_bno ordenamento jurídico brasileiro /
_cRita Tourinho.
260 _aRio de Janeiro :
_bLumen Juris,
_cc2008.
300 _a215 p. ;
_c23 cm
504 _aInclui bibliografia.
650 _aNormas jurídicas
_xConcursos, testes, exames
650 _aOrdenamento jurídico
_xConcursos, testes, exames
650 _aSistema jurídico
_xConcursos, testes, exames
942 _2udc
_cLV
999 _c600
_d600